Statistics for A to Z: Legendary Creatures

Click here to take the quiz!

General Stats

  • This quiz has been taken 32,201 times
  • The average score is 18 of 26

Answer Stats

Hint Answer % Correct
Santa's helperEElf
96%
Divine being of HeavenAAngel
95%
White horse with a long hornUUnicorn
94%
Winged, fire-breathing creatureDDragon
94%
Blood-drinking creatureVVampire
93%
Animated corpseZZombie
93%
One eyed giantCCyclops
93%
Human to wolf shapeshifterWWerewolf
91%
Disembodied spiritGGhost
90%
Himalayan BigfootYYeti
90%
Winged horsePPegasus
89%
Human-fish hybridMMermaid
86%
"Grim" angel of deathRReaper
81%
Multi-headed water monsterHHydra
81%
Small, mischievous goblinIImp
70%
Young, female nature deityNNymph
68%
Serpent that causes death with
a single glance
BBasilisk
65%
Hideous man-eating monsterOOgre
60%
Has the lion's body and a
human's head
SSphinx
59%
Mischievous, green-clad fairyLLeprechaun
58%
Half human, half goatFFaun
53%
North American rabbit with antlersJJackalope
43%
Aztec feathered serpentQQuetzalcoatl
33%
Scottish, malevolent water horseKKelpie
21%
Maori water spiritTTaniwha
5%
Asturian water spiritXXana
5%

Score Distribution

Percentile by Number Answered

Percent of People with Each Score

Your Score History

You have not taken this quiz